Normal view
MARC view
- JAVED, HASSAN LT COL
Entry Personal Name
001 - CONTROL NUMBER
- control field: 56184
003 - CONTROL NUMBER IDENTIFIER
- control field: NUST
005 - DATE AND TIME OF LATEST TRANSACTION
- control field: 20210628201642.0
008 - FIXED-LENGTH DATA ELEMENTS
- fixed length control field: 210628|| aca||aabn | a|a d
040 ## - CATALOGING SOURCE
- Original cataloging agency: NUST
- Transcribing agency: NUST
100 ## - HEADING--PERSONAL NAME
- Personal name: JAVED, HASSAN LT COL
670 ## - SOURCE DATA FOUND
- Source citation: Work cat.: (NUST): JAVED, HASSAN LT COL, INDIA ,A STUDY IN PROFILE, 1990
